Iggy Pop: Albums by Cover - Statistics

General Stats
  • This quiz has been taken 8 times
  • The average score is 7 of 20
Answer Stats
Picture Hint Answer % Correct
1977 The Idiot
83%
1977 Kill City
67%
1977 Lust for Life
67%
1986 Blah-Blah-Blah
50%
1980 Soldier
50%
1993 American Caesar
33%
1999 Avenue B
33%
2001 Beat 'Em Up
33%
1990 Brick by Brick
33%
1996 Naughty Little Doggie
33%
1979 New Values
33%
1981 Party
33%
2003 Skull Ring
33%
2012 Après
17%
2023 Every Loser
17%
2019 Free
17%
1988 Instinct
17%
2016 Post Pop Depression
17%
2009 Préliminaires
17%
1982 Zombie Birdhouse
17%
No matching quizzes found
Score Distribution
Percent of People with Each Score
Percentile by Number Answered
Your Score History
You have not taken this quiz